عرض عادي عرض مارك
  • Wolf, H. C.

مدخل إسم شخص

عدد التسجيلات المستخدمة في: 2

001 - رقم الضبط

  • حقل الضبط: 57220

003 - معرف رقم الضبط

  • حقل الضبط: OSt

005 - تاريخ ووقت أخر عملية

  • حقل الضبط: 20161205131955.0

008 - عناصر بيانات ثابتة الطول

  • حقل تحكم ثابت الطول: 161205|| aca||aabn | a|a d

040 ## - مصدر الفهرسة

  • هيئة الفهرسة الأصلية: OSt
  • وكالة الكتابة: OSt

100 ## - مدخل -- أسم شخص

  • إسم شخص: Wolf, H. C.
  • الشكل الكامل للاسم: (Hans Christoph),
  • تواريخ مرتبطة بالاسم: 1929-

670 ## - بيانات المصدر موجوده

  • الاستشهاد بالمصدر: Work cat.: (OSt)0: Haken, H. 57218, The physics of atoms and quanta :, c1996.